| 000 | 00520nam a2200205Ia 4500 | ||
|---|---|---|---|
| 003 | OSt | ||
| 005 | 20140311163113.0 | ||
| 008 | 140130s9999 xx 000 0 und d | ||
| 020 | _a0439470986 | ||
| 050 |
_aPZ 7 _b.Ag9135Bat 2004 |
||
| 100 |
_aAugustyn, Brian _931307 |
||
| 245 |
_aBatman : _cAugustyn, Brian _bthe mad hatter / |
||
| 260 |
_bScholastic, _c2004. _anew York : |
||
| 300 |
_a40 p. : _bcol. ill. ; _c24 cm. |
||
| 440 |
_v1 _931174 |
||
| 521 | _aG3 | ||
| 526 | _c560 | ||
| 942 |
_cBK _2lcc |
||
| 999 |
_c40644 _d40644 |
||